| 000 | 00688nam a2200217Ia 4500 | ||
|---|---|---|---|
| 003 | OSt | ||
| 005 | 20240926115253.0 | ||
| 008 | 220927b |||||||| |||| 00| 0 eng d | ||
| 020 | _a0195651537 | ||
| 037 | _cTextual | ||
| 040 |
_aSDCL _cSDCL _beng |
||
| 041 |
_2eng _aeng |
||
| 082 | _aY:1.20m41'N9 N8 | ||
| 100 |
_aLal, Deepak _9410852 |
||
| 245 | 0 |
_aUninteded conseqence : _bThe impact of factor endowments, culture, and politics on long-run economic performance / |
|
| 260 |
_aOxford : _bOxford University Press, _c1998. |
||
| 300 | _a287p. | ||
| 490 | _aThe Ohlin lectures. | ||
| 942 |
_hY:1.20m41'N9 N8 _cTEXL _2CC |
||
| 999 |
_c726495 _d726495 |
||